00425 2200181 4500001002100000005001500021008004100036020001800077035001900095041000700114082000800121090001400129100001500143245002200158260003400180300001900214650001000233INLIS00000000001887720241224115604241224||||||||| | ||| |||| || |  a979-9133-36-X 0010-1224018877 aid0 a813 a813 SET h0 aW.Setiawan00aHADIAH DARI PAMAN aSurabayabGradita Utamac2007 a103hlm;14x21cm 0afiksi